| 000 | 00382nam a2200157Ia 4500 | ||
|---|---|---|---|
| 008 | 151213s9999 xx 000 0 und d | ||
| 100 | _aK. G. Laudon | ||
| 245 |
_aManagement Information System _cK. G. Laudon |
||
| 250 | _a8th | ||
| 260 |
_aDelhi _bPrentic Hall _c2004 |
||
| 300 | _a4186 p. | ||
| 650 | _aComputer | ||
| 650 | _aComputer | ||
| 700 | _aK. G. Laudon | ||
| 999 |
_c2611 _d2611 |
||